[Event "Faxe EMT 2003"]
[Site "Faxe"]
[Date "2003.04.02"]
[Round "3"]
[White "Hansen, Knud"]
[Black "Lillebro, Verner"]
[Result "1-0"]
[WhiteElo "1649"]
[BlackElo "1300"]
[PlyCount "189"]
[EventDate "2003.03.19"]

1. e4 c6 2. d3 d5 3. exd5 cxd5 4. Nf3 Nf6 5. Be2 e6 6. O-O Be7 7. Nc3 O-O 8. h3
Nc6 9. Bf4 Bd6 10. Bxd6 Qxd6 11. a3 a6 12. Qd2 b5 13. Nd1 Rd8 14. Nh2 Bb7 15.
f4 Rac8 16. Rc1 Nd4 17. Kh1 Nf5 18. Qe1 Nd4 19. Ne3 Rc7 20. Bd1 Rdc8 21. c3 g6
22. Neg4 Nxg4 23. Nxg4 Kg7 24. Qf2 Nf5 25. d4 h5 26. Ne5 f6 27. Nd3 Rc4 28. Bb3
R4c7 29. Rce1 Re8 30. g3 Nh6 31. Kh2 Bc8 32. Qf3 Nf5 33. Bxd5 Rce7 34. Bb3 Bb7
35. Qf2 Nh6 36. Bd1 Nf5 37. Bf3 Qb6 38. Bxb7 Qxb7 39. Nc5 Qc6 40. Re2 Nd6 41.
Rfe1 Nc4 42. Qg2 Qb6 43. Qf2 Kf7 44. Qf3 Qd6 45. Qd3 Qc6 46. Qe4 Qb6 47. b4 Nd6
48. Qf3 Nc4 49. d5 e5 50. fxe5 Nxe5 51. Qf4 Ng4+ 52. hxg4 Rxe2+ 53. Rxe2 Rxe2+
54. Kg1 Qd8 55. d6 Re1+ 56. Kf2 Rd1 57. d7 hxg4 58. Qxg4 Rd6 59. Qh4 Kg7 60.
Qe4 Kf7 61. Qg4 Qe7 62. Qf4 Kg7 63. Qf3 Qe5 64. Kf1 Qf5 65. Qxf5 gxf5 66. Ne6+
Kf7 67. d8=Q Rxd8 68. Nxd8+ Ke7 69. Nb7 Ke6 70. Nc5+ Ke5 71. Nxa6 Kd5 72. Nc7+
Kc4 73. Ke2 Kxc3 74. Nxb5+ Kc4 75. Nd6+ Kd5 76. Nxf5 Kc6 77. Ke3 Kb5 78. Ke4
Ka4 79. Nd6 Kxa3 80. b5 Kb4 81. b6 Kc5 82. b7 Kxd6 83. b8=Q+ Ke6 84. Qc8+ Kf7
85. Kf5 Ke7 86. Qe6+ Kd8 87. Qd6+ Ke8 88. Qxf6 Kd7 89. g4 Ke8 90. g5 Kd7 91. g6
Ke8 92. g7 Kd7 93. g8=Q Kc7 94. Qgg7+ Kc8 95. Qff8# 1-0

[Event "Faxe EMT 2003"]
[Site "Faxe"]
[Date "2003.04.02"]
[Round "3"]
[White "Toftvang, Ove"]
[Black "Hansen, Arne Mandrup"]
[Result "1/2-1/2"]
[WhiteElo "1161"]
[BlackElo "1316"]
[PlyCount "88"]
[EventDate "2003.03.19"]

1. d4 Nf6 2. c4 Nc6 3. Nf3 g6 4. e3 Bg7 5. Nc3 O-O 6. Be2 d5 7. O-O a5 8. a3 b6
9. h4 h6 10. Nh2 Ba6 11. b3 dxc4 12. h5 e5 13. hxg6 fxg6 14. Bf3 Qd6 15. d5 Ne7
16. e4 cxb3 17. Re1 Bc4 18. a4 Nd7 19. Bg4 Nc5 20. Nf3 Rad8 21. Nd2 Ba6 22. Ba3
Qf6 23. f3 Nd3 24. Re3 Qh4 25. Qe2 Nc5 26. Qf2 Qf6 27. Nd1 h5 28. Bh3 Bh6 29.
Bxc5 bxc5 30. Rxb3 c6 31. Rb6 Bc8 32. Bxc8 Rxc8 33. Nb3 Bf4 34. Nxc5 Qg5 35.
Ne6 Qh6 36. Nxf8 Qxf8 37. Qh4 cxd5 38. exd5 Rc4 39. Kh1 Qf7 40. d6 g5 41. Qf2
Nd5 42. Rab1 Nxb6 43. Rxb6 Rd4 44. Qc2 Bg3 1/2-1/2

[Event "Faxe EMT 2003"]
[Site "Faxe"]
[Date "2003.04.02"]
[Round "3"]
[White "Christoffersen, Per"]
[Black "Hansen, Egon"]
[Result "1/2-1/2"]
[WhiteElo "1369"]
[BlackElo "1682"]
[PlyCount "79"]
[EventDate "2003.03.19"]

1. d4 Nf6 2. c4 g6 3. Nc3 d5 4. Nf3 c6 5. e3 Bg7 6. Qc2 O-O 7. b3 Bg4 8. Bb2
Nbd7 9. h3 Bxf3 10. gxf3 e5 11. Ne2 Nh5 12. O-O-O Qe7 13. Kb1 a5 14. dxe5 dxc4
15. f4 cxb3 16. Qxb3 Rfb8 17. Ba3 c5 18. Bg2 Ra6 19. Kc1 Bf8 20. Rd2 Qe8 21.
Qd5 Nb6 22. Qe4 Ng7 23. Nc3 c4 24. Bxf8 Qxf8 25. Qb1 Qa3+ 26. Kc2 Na4 27. Nxa4
Qxa4+ 28. Kc1 b5 29. Rhd1 Ne6 30. Bd5 Nc5 31. Qc2 Nd3+ 32. Kb1 Kf8 33. e6 Qb4+
34. Ka1 Qd6 35. Be4 Qxe6 36. Bxd3 cxd3 37. Rxd3 Qf6+ 38. Kb1 Rc6 39. Qd2 b4 40.
Rd8+ 1/2-1/2

[Event "Faxe EMT 2003"]
[Site "Faxe"]
[Date "2003.04.07"]
[Round "3"]
[White "Nielsen, Johannes"]
[Black "Andreasen, Rene"]
[Result "1-0"]
[WhiteElo "1192"]
[BlackElo "1100"]
[PlyCount "77"]
[EventDate "2003.03.19"]

1. d4 d5 2. Nf3 Nf6 3. e3 a6 4. c4 e6 5. Bd3 Bd6 6. h3 Nc6 7. a3 g6 8. Nc3 Na5
9. c5 Bf8 10. O-O b6 11. b4 Nb7 12. Re1 bxc5 13. bxc5 Na5 14. e4 c6 15. Bg5 Nc4
16. Bxc4 dxc4 17. e5 Qa5 18. Bxf6 Rg8 19. Qa4 Qxa4 20. Nxa4 Rb8 21. Nb6 a5 22.
Nxc8 Rxc8 23. Rab1 Be7 24. Bxe7 Kxe7 25. Rb7+ Kf8 26. Reb1 Kg7 27. Nd2 c3 28.
Nc4 Rgd8 29. Nd6 Rb8 30. Rc1 Rxb7 31. Nxb7 Rxd4 32. Rxc3 f6 33. exf6+ Kxf6 34.
Nxa5 e5 35. Nxc6 Rd1+ 36. Kh2 h5 37. Re3 Rd5 38. Nxe5 Rxc5 39. Nd7+ 1-0

[Event "Faxe EMT 2003"]
[Site "Faxe"]
[Date "2003.04.02"]
[Round "3"]
[White "Andreasen, Per Anthoni"]
[Black "Karstensen, Preben"]
[Result "1-0"]
[WhiteElo "1554"]
[BlackElo "1624"]
[PlyCount "79"]
[EventDate "2003.03.19"]

1. d4 d5 2. c4 c6 3. Nc3 Nf6 4. Bf4 e6 5. e3 Bd6 6. Bg3 Bxg3 7. hxg3 Nbd7 8.
Bd3 dxc4 9. Bxc4 Nd5 10. Ne4 N7f6 11. Nxf6+ Qxf6 12. Nf3 Nb6 13. Bd3 g6 14. Ne5
Bd7 15. Rh4 Qg7 16. a4 O-O-O 17. a5 Nd5 18. Qb3 Qf8 19. e4 Qb4+ 20. Qxb4 Nxb4
21. Bb1 Be8 22. Nf3 f6 23. Ra4 Na6 24. e5 f5 25. Ng5 Nc7 26. Ba2 Bd7 27. Nf7 c5
28. Rc4 Bc6 29. Rxc5 Bxg2 30. Bxe6+ Kb8 31. Nxd8 Rxd8 32. Ba2 h5 33. Bf7 b6 34.
axb6 axb6 35. Rc3 Nb5 36. Rc4 Be4 37. e6 Nd6 38. e7 Rh8 39. Bxg6 Ne8 40. Rxh5
1-0

[Event "Faxe EMT 2003"]
[Site "Faxe"]
[Date "2003.04.07"]
[Round "3"]
[White "Jensen, Niels"]
[Black "Gisli, Theodor"]
[Result "1/2-1/2"]
[WhiteElo "1349"]
[BlackElo "1681"]
[PlyCount "59"]
[EventDate "2003.03.19"]

1. e4 d5 2. exd5 Nf6 3. Nc3 e6 4. dxe6 Bxe6 5. h3 Bb4 6. Qf3 Qe7 7. Qg3 Nh5 8.
Qe3 Nc6 9. Bb5 O-O 10. Nge2 Bc5 11. Qf3 Nf6 12. O-O Rfe8 13. a3 Bd7 14. d3 a6
15. Ba4 b5 16. Bb3 Ne5 17. Qg3 Bd6 18. Bg5 h6 19. Bxf6 Qxf6 20. Ne4 Qe7 21.
Nxd6 Qxd6 22. Nc3 Ng6 23. Ne4 Qc6 24. f4 Ne7 25. Nc3 Nf5 26. Qf2 Qg6 27. Bd5
Bc6 28. Bxc6 Qxc6 29. Ne4 Rad8 30. Qc5 1/2-1/2

[Event "Faxe EMT 2003"]
[Site "Faxe"]
[Date "2003.04.14"]
[Round "4"]
[White "Karstensen, Preben"]
[Black "Jensen, Niels"]
[Result "1-0"]
[WhiteElo "1624"]
[BlackElo "1349"]
[PlyCount "105"]
[EventDate "2003.03.19"]

1. d4 d5 2. c4 Nf6 3. Nf3 h6 4. cxd5 Bf5 5. Nc3 Nxd5 6. e3 Nxc3 7. bxc3 e6 8.
Bb2 Nc6 9. Bb5 a6 10. Bxc6+ bxc6 11. Ne5 Qd5 12. O-O f6 13. c4 Qe4 14. Nf3 Bg4
15. h3 Bxf3 16. gxf3 Qg6+ 17. Kh2 Qh5 18. c5 Be7 19. Bc3 O-O 20. Ba5 Rac8 21.
f4 Qxd1 22. Rfxd1 e5 23. Kg3 exf4+ 24. Kxf4 Rfd8 25. Rdb1 Rd5 26. Rb7 Rd7 27.
Rab1 f5 28. Rb8 Bg5+ 29. Kf3 Rdd8 30. Rxc8 Rxc8 31. Rb7 Bf6 32. Bxc7 Bd8 33.
Be5 Bf6 34. Bxf6 gxf6 35. Rb6 Kf7 36. Rxa6 Kg6 37. Kf4 h5 38. h4 Re8 39. Rxc6
Re4+ 40. Kg3 Rg4+ 41. Kh3 Re4 42. Rd6 f4 43. exf4 Rxf4 44. c6 Rxf2 45. c7 Rc2
46. Rd7 Rc3+ 47. Kg2 Kf5 48. Rd5+ Ke4 49. Rc5 Rd3 50. Rc2 f5 51. c8=Q f4 52.
Qe6+ Kxd4 53. Rc4# 1-0

[Event "Faxe EMT 2003"]
[Site "Faxe"]
[Date "2003.04.14"]
[Round "4"]
[White "Nielsen, Johannes"]
[Black "Wehlast, Svend Erik"]
[Result "0-1"]
[WhiteElo "1192"]
[BlackElo "1320"]
[PlyCount "108"]
[EventDate "2003.03.19"]

1. d4 e6 2. c4 Bb4+ 3. Bd2 Bxd2+ 4. Nxd2 Nf6 5. e3 O-O 6. Ngf3 b6 7. Qc2 Bb7 8.
Bd3 Bxf3 9. Nxf3 h6 10. h3 d5 11. Ne5 c5 12. dxc5 bxc5 13. O-O Qc7 14. Qc3 Nbd7
15. Nxd7 Nxd7 16. f4 f5 17. Rae1 Nf6 18. Qe5 Qxe5 19. fxe5 dxc4 20. Bxc4 Nd5
21. e4 fxe4 22. Rxe4 Rxf1+ 23. Bxf1 Rf8 24. Rc4 Ne3 25. Rc1 Nxf1 26. Rxf1 Rd8
27. Re1 a5 28. Kh2 Rd2 29. Rc1 Rxb2 30. Rxc5 Rxa2 31. Rc6 Kf7 32. Rc7+ Kg6 33.
Rc5 a4 34. Ra5 h5 35. Kg3 Kg5 36. Ra7 h4+ 37. Kh2 g6 38. Rf7 Re2 39. Ra7 Re4
40. Ra5 Kf4 41. Kg1 Kg3 42. Kf1 g5 43. Rc5 Re3 44. Rc4 a3 45. Rg4+ Kh2 46. Ra4
Rb3 47. Ra6 Rb1+ 48. Kf2 Rb2+ 49. Kf3 a2 50. Kg4 Rxg2+ 51. Kh5 Kxh3 52. Rxa2
Rxa2 53. Kxg5 Rf2 54. Kg6 Rf5 0-1

[Event "Faxe EMT 2003"]
[Site "Faxe"]
[Date "2003.04.14"]
[Round "4"]
[White "Strandsbjerg, Jens"]
[Black "Hansen, Knud"]
[Result "1/2-1/2"]
[WhiteElo "1477"]
[BlackElo "1649"]
[PlyCount "69"]
[EventDate "2003.03.19"]

1. d4 Nf6 2. c4 e6 3. Nc3 Bb4 4. Qc2 O-O 5. a3 Bxc3+ 6. bxc3 b6 7. Bg5 Bb7 8.
f3 d6 9. e4 Nbd7 10. Bd3 h6 11. Bh4 e5 12. Ne2 Re8 13. O-O Nf8 14. Qd2 Ng6 15.
Bf2 Qd7 16. Bc2 Rad8 17. d5 Rf8 18. Ng3 Ne7 19. Be3 Kh7 20. f4 Nfg8 21. f5 Nf6
22. Qe2 Ba6 23. a4 c6 24. Bd3 cxd5 25. cxd5 Bxd3 26. Qxd3 Qc7 27. Rfc1 Rc8 28.
a5 Nd7 29. Qe2 Ng8 30. Nh5 Ndf6 31. axb6 axb6 32. Nxf6+ Nxf6 33. Ra4 Nd7 34.
Rb4 Rb8 35. Qb5 1/2-1/2

[Event "Faxe EMT 2003"]
[Site "Faxe"]
[Date "2003.04.16"]
[Round "4"]
[White "Gisli, Theodor"]
[Black "Andreasen, Per Anthoni"]
[Result "1-0"]
[WhiteElo "1681"]
[BlackElo "1554"]
[PlyCount "49"]
[EventDate "2003.03.19"]

1. f4 e5 2. fxe5 Bc5 3. Nf3 Nc6 4. c3 Nge7 5. d4 Bb6 6. e4 Ng6 7. Bc4 h6 8. O-O
Ngxe5 9. Nxe5 Nxe5 10. Qh5 Qe7 11. Bb3 g6 12. Qe2 d6 13. Kh1 Bg4 14. Qd2 Nc6
15. Bxf7+ Kd7 16. Bxg6 Raf8 17. Rxf8 Rxf8 18. h3 Ne5 19. Qxh6 Rf1+ 20. Kh2 Nxg6
21. Qxg6 Be6 22. Nd2 Bf7 23. Qg4+ Be6 24. Qh5 Bf7 25. Qb5+ 1-0

[Event "Faxe EMT 2003"]
[Site "Faxe"]
[Date "2003.04.16"]
[Round "4"]
[White "Nielsen, Poul Erik2"]
[Black "Lillebro, Verner"]
[Result "1-0"]
[WhiteElo "1246"]
[BlackElo "1300"]
[PlyCount "157"]
[EventDate "2003.03.19"]

1. c4 c6 2. d4 Nf6 3. Nc3 d5 4. cxd5 cxd5 5. Nf3 Nc6 6. a3 h6 7. h3 Bf5 8. e3
e6 9. b4 Be7 10. Bb2 a6 11. Be2 O-O 12. O-O Rc8 13. Rc1 Rc7 14. b5 axb5 15.
Nxb5 Rc8 16. Bd3 Ne4 17. Rc2 Nd6 18. Bxf5 Nxf5 19. Qd3 Nd6 20. Rfc1 Ne4 21. Nc3
Nxc3 22. Rxc3 Qd7 23. Qb5 Bf6 24. a4 Rc7 25. Ba3 Rfc8 26. Bc5 Nb8 27. Qxd7 Nxd7
28. Bb4 Rxc3 29. Rxc3 Rxc3 30. Bxc3 Nb6 31. a5 Nc4 32. Kf1 Bd8 33. Ke2 Bxa5 34.
Bxa5 Nxa5 35. Kd3 Nc4 36. Nd2 Nxd2 37. Kxd2 Kf8 38. Kc3 Ke7 39. Kb4 Kd7 40. Kb5
Kc7 41. g4 g5 42. f3 f6 43. e4 dxe4 44. fxe4 Kd6 45. Kb6 Kd7 46. Kxb7 Kd6 47.
Kb6 Kd7 48. Kc5 Kc7 49. d5 exd5 50. Kxd5 Kd7 51. e5 fxe5 52. Kxe5 Ke7 53. Kf5
Kf7 54. Ke5 Kg6 55. Ke6 h5 56. Ke5 hxg4 57. hxg4 Kg7 58. Kf5 Kf7 59. Kxg5 Kg7
60. Kh5 Kh7 61. g5 Kh8 62. Kg6 Kg8 63. Kf6 Kf8 64. Kg6 Kg8 65. Kh6 Kh8 66. g6
Kg8 67. g7 Kf7 68. Kh7 Ke6 69. g8=Q+ Ke5 70. Qd8 Ke4 71. Kg6 Ke5 72. Kg5 Ke4
73. Qa5 Kd4 74. Kf4 Kd3 75. Qa4 Kd2 76. Qa3 Ke2 77. Ke4 Kd2 78. Qb2+ Kd1 79.
Ke3 1-0

[Event "Faxe EMT 2003"]
[Site "Faxe"]
[Date "2003.04.16"]
[Round "4"]
[White "Hansen, Ove Bonnelykke"]
[Black "Jensen, Herman"]
[Result "1/2-1/2"]
[WhiteElo "1627"]
[BlackElo "1615"]
[PlyCount "96"]
[EventDate "2003.03.19"]

1. d4 d6 2. e4 Nf6 3. Nc3 g6 4. Nf3 Bg7 5. Be2 O-O 6. O-O Nbd7 7. Be3 b6 8. h3
Bb7 9. d5 a6 10. Nd4 Nc5 11. f3 Qd7 12. b4 Na4 13. Nxa4 Qxa4 14. c3 Qe8 15. a4
c5 16. dxc6 Bxc6 17. Nxc6 Qxc6 18. Rc1 Rfc8 19. Qd2 Nh5 20. Bd4 Ng3 21. b5
Nxe2+ 22. Qxe2 Qc4 23. Qe3 axb5 24. axb5 Ra2 25. Bxg7 Kxg7 26. Qd4+ f6 27. Qxc4
Rxc4 28. Rf2 Rca4 29. Rfc2 Kf7 30. c4 g5 31. Kf2 Ke6 32. Ke3 Ke5 33. g3 R2a3+
34. Rc3 h5 35. f4+ Ke6 36. Kd4 Ra2 37. Rg1 Rb2 38. Kd3 Raa2 39. Kd4 Rd2+ 40.
Rd3 Rf2 41. fxg5 fxg5 42. g4 h4 43. Re1 Kd7 44. e5 Rf4+ 45. Re4 Raf2 46. exd6
exd6 47. Rde3 R2f3 48. Kd5 Rf7 1/2-1/2

[Event "Faxe EMT 2003"]
[Site "Faxe"]
[Date "2003.04.16"]
[Round "4"]
[White "Hansen, Arne Mandrup"]
[Black "Hansen, Egon"]
[Result "1/2-1/2"]
[WhiteElo "1316"]
[BlackElo "1682"]
[PlyCount "74"]
[EventDate "2003.03.19"]

1. d4 d5 2. Bf4 Nf6 3. e3 e6 4. Nf3 Bd6 5. Ne5 O-O 6. Nd2 Nbd7 7. Bd3 Qe7 8.
O-O c5 9. Bb5 a6 10. Bxd7 Nxd7 11. c3 f6 12. Nxd7 Bxd7 13. Bxd6 Qxd6 14. f4 e5
15. f5 Rae8 16. Nb3 b6 17. dxc5 bxc5 18. c4 d4 19. e4 Rb8 20. Rf3 Bc6 21. Qe2
Be8 22. Rg3 Rb7 23. Rf1 Kh8 24. h4 Bf7 25. Nc1 Rd8 26. b3 Rbd7 27. Nd3 Qf8 28.
h5 Rc8 29. Qg4 Be8 30. Qh4 h6 31. Rff3 a5 32. a4 Rb7 33. Nc1 Qf7 34. Rh3 Bc6
35. Qe1 Ra7 36. Rfg3 Qb7 37. Rg4 Be8 1/2-1/2

[Event "Faxe EMT 2003"]
[Site "Faxe"]
[Date "2003.04.16"]
[Round "4"]
[White "Eckert, Svend"]
[Black "Refsgaard, Kaj"]
[Result "0-1"]
[WhiteElo "1585"]
[BlackElo "1585"]
[PlyCount "120"]
[EventDate "2003.03.19"]

1. c4 c5 2. e3 Nf6 3. d4 cxd4 4. exd4 g6 5. Nf3 Bg7 6. Nc3 O-O 7. Bd3 d6 8. O-O
Bg4 9. d5 Nbd7 10. h3 Bxf3 11. Qxf3 Ne5 12. Qe2 Rc8 13. Re1 Re8 14. Rb1 a6 15.
Bd2 Nfd7 16. Na4 Nxd3 17. Qxd3 Ne5 18. Qe2 Nxc4 19. Bg5 b5 20. b3 Na3 21. Rbc1
bxa4 22. Qxa6 Ra8 23. Qc6 axb3 24. axb3 Bf8 25. Re4 f6 26. Be3 Qb8 27. Ra4 Rxa4
28. bxa4 Kf7 29. Qc3 Nb5 30. axb5 Qxb5 31. Qc6 Rb8 32. Rc4 f5 33. g4 Qxc6 34.
dxc6 Rc8 35. gxf5 gxf5 36. Bb6 d5 37. Rc2 e6 38. c7 Ke7 39. Bc5+ Kd7 40. Bxf8
Rxf8 41. Kg2 Rc8 42. Ra2 Rxc7 43. Kg3 Ke7 44. f4 Kf6 45. Ra4 Rc3+ 46. Kg2 Rc4
47. Ra7 Rxf4 48. Rxh7 Ke5 49. Ra7 d4 50. Ra5+ Ke4 51. Ra1 e5 52. Re1+ Kd5 53.
Kg3 Re4 54. Rf1 Re3+ 55. Kg2 f4 56. h4 Rg3+ 57. Kh2 Ke4 58. Rc1 Rg8 59. Re1+
Kf5 60. Kh3 f3 0-1

[Event "Faxe EMT 2003"]
[Site "Faxe"]
[Date "2003.04.16"]
[Round "4"]
[White "Eriksen, Knud Ejler"]
[Black "Rasmussen, Arne"]
[Result "1/2-1/2"]
[WhiteElo "1297"]
[BlackElo "1069"]
[PlyCount "164"]
[EventDate "2003.03.19"]

1. e4 e5 2. Nf3 Nc6 3. Bb5 d6 4. c3 Bd7 5. d3 h6 6. Be3 Nf6 7. h3 Be7 8. Nbd2
O-O 9. O-O a6 10. Ba4 b5 11. Bc2 Na5 12. b4 Nb7 13. a3 Re8 14. Re1 Nh7 15. Bb3
Bg5 16. Bd5 c6 17. Bb3 Bxe3 18. Rxe3 Ng5 19. Nf1 Be6 20. Ng3 Qf6 21. Bc2 Rad8
22. Nh5 Qg6 23. Nxg5 hxg5 24. Rg3 f6 25. Re3 Kf7 26. Ng3 Rh8 27. Bb3 d5 28.
exd5 cxd5 29. Bc2 Qh6 30. Qf3 Ke7 31. Bb3 Qg6 32. Rd1 Rd7 33. Bc2 Qh6 34. Nf5+
Bxf5 35. Qxf5 Qh7 36. Qg4 Qh5 37. Qg3 Nd6 38. Rf3 Qh4 39. Qxh4 Rxh4 40. Bb3 Ne8
41. Re1 Nc7 42. Kh2 Rf4 43. Ree3 d4 44. cxd4 Rdxd4 45. g3 Rxf3 46. Rxf3 Ne8 47.
g4 Nd6 48. Kg2 e4 49. dxe4 Rxe4 50. Bd5 Re5 51. Bc6 Nc4 52. Rd3 Re2 53. Rd7+
Kf8 54. Ra7 Nxa3 55. Rxa6 Re6 56. Ra8+ Ke7 57. Bd5 Re5 58. Ra7+ Kd6 59. Bf3 Nc2
60. Ra6+ Kc7 61. Ra7+ Kd6 62. Rxg7 Nxb4 63. Rb7 Kc5 64. Rc7+ Kd4 65. Rf7 Nd5
66. Bxd5 Rxd5 67. Rxf6 b4 68. Rb6 Kc4 69. Kg3 Rb5 70. Re6 b3 71. Re4+ Kc3 72.
Re3+ Kb2 73. f4 gxf4+ 74. Kxf4 Ka1 75. Re1+ Ka2 76. Re2+ b2 77. Rxb2+ Rxb2 78.
g5 Rb4+ 79. Kf5 Rh4 80. g6 Rxh3 81. g7 Rg3 82. Kf6 Rxg7 1/2-1/2

[Event "Faxe EMT 2003"]
[Site "Faxe"]
[Date "2003.04.16"]
[Round "4"]
[White "Andreasen, Rene"]
[Black "Hansen, Erik Friberg"]
[Result "0-1"]
[WhiteElo "1100"]
[BlackElo "1228"]
[PlyCount "96"]
[EventDate "2003.03.19"]

1. g3 d5 2. Bg2 Nf6 3. Nf3 c5 4. e3 Nc6 5. d4 cxd4 6. exd4 e6 7. O-O Be7 8. Nc3
O-O 9. a3 a6 10. Bf4 Bd6 11. Bxd6 Qxd6 12. Qd3 b5 13. b4 Bd7 14. Ne2 Ne7 15. c3
Rac8 16. Ne5 Nc6 17. Nxc6 Bxc6 18. Nf4 Ba8 19. Rac1 Ne4 20. Ne2 f5 21. Nf4 Bc6
22. Rfe1 Rce8 23. Bxe4 fxe4 24. Qe3 e5 25. dxe5 Qxe5 26. Rc2 g5 27. Nh5 Rf3 28.
Ree2 Rxe3 29. Rxe3 Rf8 30. Ree2 Be8 31. f4 Qf5 32. Rcd2 Bxh5 33. Re1 Rc8 34.
Rc1 gxf4 35. gxf4 Kf7 36. Kf2 Re8 37. Ke3 Rc8 38. Rg2 Qh3+ 39. Rg3 Qxh2 40. Rg5
Qe2+ 41. Kd4 Qd2+ 42. Ke5 Re8+ 43. Kd6 Qxf4+ 44. Kc5 Qxg5 45. Rf1+ Ke6 46. Rb1
Qe3+ 47. Kc6 Qa7 48. Rh1 Rc8# 0-1

[Event "Faxe EMT 2003"]
[Site "Faxe"]
[Date "2003.04.16"]
[Round "4"]
[White "Toftvang, Ove"]
[Black "Christoffersen, Per"]
[Result "0-1"]
[WhiteElo "1161"]
[BlackElo "1369"]
[PlyCount "81"]
[EventDate "2003.03.19"]

1. Nf3 Nf6 2. d4 d5 3. c4 c6 4. Nc3 e6 5. g3 Bd6 6. Bg2 O-O 7. c5 Bc7 8. O-O b6
9. Bg5 bxc5 10. dxc5 Nbd7 11. b4 h6 12. Bxf6 Qxf6 13. Rc1 Rb8 14. a3 Ba6 15.
Re1 Ne5 16. Nb1 Bb5 17. Nxe5 Bxe5 18. Kh1 Qxf2 19. Nc3 Bxc3 20. Rxc3 Qf6 21.
Rf3 Qe7 22. h4 a5 23. Rf4 axb4 24. axb4 Ra8 25. e4 Ra3 26. Kh2 Qd7 27. exd5
exd5 28. Rd4 Re8 29. Rxe8+ Qxe8 30. Rf4 Qe2 31. Qxe2 Bxe2 32. Bh3 Bb5 33. g4
Ra2+ 34. Kg1 Re2 35. g5 hxg5 36. hxg5 Re5 37. Rf5 Re4 38. Bf1 Rxb4 39. Bxb5
Rxb5 40. Kf2 Rxc5 41. Ke3 0-1

[Event "Faxe EMT 2003"]
[Site "Faxe"]
[Date "2003.04.23"]
[Round "5"]
[White "Rasmussen, Arne"]
[Black "Lillebro, Verner"]
[Result "1/2-1/2"]
[WhiteElo "1069"]
[BlackElo "1300"]
[PlyCount "69"]
[EventDate "2003.03.19"]

1. e4 c6 2. Nf3 d5 3. exd5 cxd5 4. Bb5+ Bd7 5. Bxd7+ Nxd7 6. O-O e6 7. Re1 Ngf6
8. d3 Bd6 9. Nc3 O-O 10. Bg5 a6 11. h3 Qc7 12. Rb1 Bb4 13. Bd2 Bc5 14. d4 Bd6
15. Be3 Rac8 16. Rc1 Bb4 17. Bd2 Be7 18. a3 Nb6 19. Ne5 Nc4 20. Nxc4 dxc4 21.
Be3 Rfd8 22. Qe2 Qc6 23. Rcd1 Nd5 24. Nxd5 Rxd5 25. c3 Bd6 26. Qg4 h5 27. Qf3
Bb8 28. Bf4 Bxf4 29. Qxf4 Rf5 30. Qg3 Rd8 31. Re5 Rxe5 32. Qxe5 Rd5 33. Qb8+
Kh7 34. Qg3 f6 35. Qf3 1/2-1/2

[Event "Faxe EMT 2003"]
[Site "Faxe"]
[Date "2003.04.23"]
[Round "5"]
[White "Gisli, Theodor"]
[Black "Refsgaard, Kaj"]
[Result "0-1"]
[WhiteElo "1681"]
[BlackElo "1585"]
[PlyCount "52"]
[EventDate "2003.03.19"]

1. f4 c5 2. Nf3 Nc6 3. g3 Nf6 4. Bg2 g6 5. O-O Bg7 6. d3 O-O 7. e4 d6 8. c3 Bd7
9. Na3 Qc8 10. Nh4 Bh3 11. f5 Bxg2 12. Nxg2 Ne5 13. Bg5 a6 14. Ne3 Qd8 15. d4
cxd4 16. cxd4 Nc6 17. e5 dxe5 18. dxe5 Nxe5 19. Qe2 Qb6 20. b3 Rac8 21. Kh1
Rfd8 22. Nac4 Nxc4 23. Nxc4 Qc6+ 24. Qf3 Qxf3+ 25. Rxf3 Ne4 26. f6 Nxg5 0-1

[Event "Faxe EMT 2003"]
[Site "Faxe"]
[Date "2003.04.23"]
[Round "5"]
[White "Andreasen, Rene"]
[Black "Eriksen, Knud Ejler"]
[Result "0-1"]
[WhiteElo "1100"]
[BlackElo "1297"]
[PlyCount "104"]
[EventDate "2003.03.19"]

1. g3 d5 2. Bg2 Nf6 3. Nf3 e6 4. d4 c5 5. O-O Nc6 6. e3 b6 7. Qe2 Bb7 8. Nc3 c4
9. a3 a6 10. b3 b5 11. b4 Bd6 12. e4 dxe4 13. Nxe4 Nxe4 14. Qxe4 Be7 15. c3 O-O
16. Qg4 f5 17. Qh5 Qe8 18. Qxe8 Raxe8 19. Ne5 Nd8 20. Nd7 Rf7 21. Bxb7 Nxb7 22.
Re1 Bd8 23. Bf4 Rxd7 24. Ra2 Kf7 25. h3 h6 26. g4 g5 27. Bh2 fxg4 28. hxg4 Kg6
29. Rae2 Rde7 30. Kg2 Kf7 31. f4 Rg8 32. Kf3 Rg6 33. f5 exf5 34. gxf5 g4+ 35.
Kg2 Rg5 36. Bf4 Rxe2+ 37. Rxe2 Rxf5 38. Bxh6 Bg5 39. Bxg5 Rxg5 40. Rf2+ Kg6 41.
Rf8 Nd6 42. Kg3 Ne4+ 43. Kf4 Nxc3 44. Ra8 Ne2+ 45. Ke3 Nc1 46. Rxa6+ Kh5 47. a4
bxa4 48. Rxa4 g3 49. Kd2 g2 50. Kxc1 g1=Q+ 51. Kc2 Rg2+ 52. Kc3 Qc1# 0-1

[Event "Faxe EMT 2003"]
[Site "Faxe"]
[Date "2003.04.23"]
[Round "5"]
[White "Strandsbjerg, Jens"]
[Black "Hansen, Ove Bonnelykke"]
[Result "1-0"]
[WhiteElo "1477"]
[BlackElo "1627"]
[PlyCount "93"]
[EventDate "2003.03.19"]

1. d4 d5 2. c4 Nf6 3. Nc3 e6 4. a3 Be7 5. Bf4 a6 6. e3 c6 7. c5 Nbd7 8. Nf3 O-O
9. Bd3 Re8 10. b4 b5 11. h3 h6 12. O-O Nh5 13. Bh2 f5 14. Ne5 Nxe5 15. dxe5 g6
16. Be2 Ng7 17. Bf3 Bb7 18. Ne2 Bg5 19. Qd3 Qe7 20. Bf4 Bxf4 21. Nxf4 Qf7 22.
Bd1 g5 23. Ne2 Rf8 24. Bc2 Ne8 25. f4 Qg6 26. Rf3 Ng7 27. fxg5 hxg5 28. Rg3 Nh5
29. Nf4 Qh6 30. Nxh5 Qxh5 31. Qd4 Kf7 32. Bd1 Qh6 33. Be2 Ke7 34. Rf1 Bc8 35.
Rgf3 Bd7 36. R1f2 a5 37. g4 axb4 38. axb4 Qh4 39. Kg2 Rf7 40. gxf5 exf5 41. Rg3
Ra4 42. Qxh4 gxh4 43. Rg6 Rxb4 44. Rf4 Re4 45. Rxe4 fxe4 46. Bh5 Rf6 47. exf6+
1-0

[Event "Faxe EMT 2003"]
[Site "Faxe"]
[Date "2003.04.23"]
[Round "5"]
[White "Hansen, Egon"]
[Black "Nielsen, Poul Erik2"]
[Result "1-0"]
[WhiteElo "1682"]
[BlackElo "1246"]
[PlyCount "86"]
[EventDate "2003.03.19"]

1. d4 d5 2. Nf3 c6 3. e3 Bg4 4. Be2 Nf6 5. O-O g6 6. c4 Bg7 7. Nc3 e6 8. b3 O-O
9. Bb2 Re8 10. Nd2 Bxe2 11. Qxe2 Nbd7 12. Nf3 Rc8 13. Rac1 a6 14. Rc2 Qe7 15.
Rfc1 Rc7 16. c5 Qd8 17. Na4 Ne4 18. Nd2 Nxd2 19. Qxd2 Qg5 20. Re1 Nf6 21. Qd3
h5 22. Bc1 Qf5 23. Nb2 Rce7 24. Qxf5 exf5 25. Nd3 Ng4 26. Bb2 Nf6 27. Rce2 g5
28. Kf1 h4 29. f3 g4 30. Ne5 g3 31. h3 Nh5 32. f4 Nf6 33. Nf3 Ne4 34. Nxh4 Nf2
35. Nxf5 Nd3 36. Rd1 Nxb2 37. Rxb2 Re4 38. Re2 Bf8 39. Nxg3 Rxe3 40. Rxe3 Rxe3
41. Kf2 Rc3 42. Rd2 Bh6 43. Ne2 Bxf4 1-0

[Event "Faxe EMT 2003"]
[Site "Faxe"]
[Date "2003.04.23"]
[Round "5"]
[White "Jensen, Niels"]
[Black "Toftvang, Ove"]
[Result "1-0"]
[WhiteElo "1349"]
[BlackElo "1161"]
[PlyCount "103"]
[EventDate "2003.03.19"]

1. e4 e5 2. Bc4 Nf6 3. d3 d6 4. h3 g6 5. Nc3 c6 6. a3 Bg7 7. Bg5 Nbd7 8. Nf3 h6
9. Bh4 Qb6 10. Bb3 Nh5 11. Ne2 Qa5+ 12. Qd2 Qc7 13. O-O O-O 14. Nh2 Nhf6 15.
Bg3 Nc5 16. Ba2 Nh7 17. f4 Kh8 18. f5 g5 19. h4 f6 20. Ng4 h5 21. Ne3 Bh6 22.
Nc3 g4 23. d4 Nd7 24. dxe5 Nxe5 25. Bxe5 dxe5 26. Qe2 Qb6 27. Ncd1 Rd8 28. c3
Qc5 29. Kh1 b5 30. Qf2 Bb7 31. Bf7 Qf8 32. Bxh5 c5 33. Bxg4 Qg7 34. Bf3 Bf4 35.
Ng4 Rac8 36. Nde3 c4 37. Nd5 Bxd5 38. exd5 Rd6 39. Rad1 Nf8 40. g3 Bh6 41. Nxh6
Qxh6 42. Rfe1 Rc7 43. Re4 Nd7 44. Rg4 Nc5 45. Rg6 Qh7 46. Qe3 Nd3 47. Rd2 Nf4
48. gxf4 e4 49. Bxe4 Qh5 50. Bf3 Qxf5 51. Qe8+ Kh7 52. Qg8# 1-0

[Event "Faxe EMT 2003"]
[Site "Faxe"]
[Date "2003.04.23"]
[Round "5"]
[White "Karstensen, Preben"]
[Black "Hansen, Knud"]
[Result "0-1"]
[WhiteElo "1624"]
[BlackElo "1649"]
[PlyCount "94"]
[EventDate "2003.03.19"]

1. e4 e5 2. Nf3 d6 3. Bc4 Be7 4. h3 Nf6 5. d3 O-O 6. O-O Nc6 7. c3 Na5 8. Bb3
Nxb3 9. axb3 a6 10. c4 h6 11. Nc3 c6 12. Be3 Be6 13. Qc2 Nd7 14. Nh2 f5 15.
exf5 Bxf5 16. Ne4 Rc8 17. Qe2 Qe8 18. Ng3 Bg6 19. Qd2 Kh7 20. f4 exf4 21. Bxf4
Nc5 22. Qe3 Nxd3 23. Ne2 Nxf4 24. Nxf4 Bg5 25. Qxe8 Bxe8 26. g3 Bf7 27. Nf3 Bf6
28. Nd3 Bg6 29. Rad1 Rcd8 30. Nf4 Bf7 31. Rd2 g5 32. Ne2 Kg6 33. Kg2 Rfe8 34.
Nfd4 c5 35. Nf5 d5 36. Nxh6 dxc4 37. Rxd8 Rxd8 38. Nxf7 Kxf7 39. bxc4 Rd2 40.
Kf3 Rxb2 41. Rd1 Ke6 42. Rd3 Rb4 43. h4 Rxc4 44. h5 g4+ 45. Ke3 Ke7 46. Rd5 b5
47. Nf4 Bd4+ 0-1